|
|
|
|
| LEADER |
00000nab a2200000 ar4500 |
| 001 |
vtls009938061 |
| 003 |
SK-MaSNL |
| 005 |
20260303045036.0 |
| 008 |
090810c2009 xo |||||| | ||00 b|slo |
| 015 |
|
|
|a SNBRB2009/08
|2 snkbucl
|
| 038 |
|
|
|a SNKBUCL
|
| 040 |
|
|
|a SNKBUCL
|b slo
|c SNKBUCL
|e AACR2
|
| 041 |
0 |
|
|a slo
|
| 044 |
|
|
|a xo
|c SK
|
| 080 |
|
|
|a 616.98:579.882
|2 2001
|
| 080 |
|
|
|a 579.882
|2 2001
|
| 245 |
0 |
0 |
|a Prefíkané potvorky
|c Adriana Fábryová
|
| 300 |
|
|
|b Fotogr.
|
| 650 |
0 |
7 |
|a pľúcne chlamýdie
|2 snkbucl
|9 1035049
|
| 650 |
0 |
7 |
|a chlamýdiové infekcie
|2 snkbucl
|9 725570
|
| 650 |
0 |
7 |
|a chlamydiózy
|2 snkbucl
|9 79462
|
| 650 |
0 |
7 |
|a Chlamydia pneumoniae
|2 snkbucl
|9 861981
|
| 773 |
0 |
|
|t Zdravie
|g Roč. 65, (február 2009), s. 52-53
|x 0044-1953
|
| 852 |
|
|
|a SNK
|b KIS3GCP
|
| 856 |
4 |
1 |
|u http://www.casopiszdravie.sk/zdravie/zdravie/prefikane-potvorky.html
|
| 958 |
|
|
|a MI
|
| 999 |
|
|
|c 1702353
|d 1704283
|